00648nam a2200181 a 450000100100000000500170001000800410002704000250006808200150009310000300010824501540013826000410029230000210033349000150035470000440036970000380041383000150045100003640820200930075721.0120117s1987 cu 000 0 spa d aDO-SdBNPbspacBNPHU axxxxbxxxx1 aPita Rodríguez, Félix13aLa pipa de cerezo y otros cuentos /cFélix Pita Rodríguez ; selección, prólogo y notas Aimée González Bolaños y Marisel García Yanes. aLa Habana, :bLetras cubanas,c1987. a251 p. ;c18 cm.1 aGiraldilla1 aGonzález Bolaños, Aimée,epról.1 aGarcía Yanes, Marisel,epról. 0aGiraldilla